000 00780nam a22002417a 4500
003 UA-OsUOA
001 72879
007 ta
008 20110131b un ||||| |||| 00| 0 ukr d
100 _aЄгорова Т. Д.
090 _a811.161.2
_bЄ30
942 _cBK
040 _aUA-OsUOA
_bukr
_cUA-OsUOA
_dUA-OsUOA
245 _aПрактичний курс української мови
_bнавч. посіб.
_c2-ге вид., виправл.
300 _a160 с.
955 _a2
041 _aukr
080 _a811.161.2
020 _a978-611-01-0034-2
260 _aК.
_bЦентр учбової літератури
_c2010
650 7 _a8 Мовознавство. Художня література. Літературознавство
_2UDC
999 _c359162
_d359162